000 02225cam a22004454i 4500
003 PE-LiUPU
005 20250731165402.0
008 150930s2012 pe a grm 000 0 spa d
035 _a(Sirsi) a154703
040 _aPE-LiUPU
_bspa
_cPE-LiUPU
_erda
099 _aTE 3
_bS55 2012
100 1 _aSilva, Rubens Paulo
_eautor
245 1 _aPrograma "Líderes de Esperanza" y su impacto en el conocimiento y actitudes hacia el liderazgo de los docentes del Colegio Adventista del Ecuador, 2012 /
_cRubens Paulo Silva.
264 0 _c2012.
300 _a124 hojas :
_bilustraciones;
_c30 cm
336 _atext
_2rdacontent
337 _aunmediated
_2rdamedia
338 _avolume
_2rdacarrier
502 _aTesis
_b(Mg.) --
_cUniversidad Peruana Unión,
_d2012.
504 _aIncluye referencias
520 3 _aEl presente trabajo de investigación tiene el objetivo de presentar un modelo exitoso de liderazgo ante tantos tipos conocidos y aplicados por diversos líderes en sus áreas de trabajo. - Inicialmente describe diversas corrientes sobre el tema, sus ideas y pensamientos para en seguida centrarse en los tres tipos de liderazgo que resumen el pensamiento actual; liderazgo transformacional, liderazgo transaccional, liderazgo carismático, liderazgo servidor y el liderazgo abnegado. -El autor presenta el modelo de liderazgo de Jesús, centrado en filipenses 2: 1-11, donde describe el modelo que considera completo y perfecto, pautado en la renuncia y en la abnegación, dos virtudes practicadas por Jesús durante toda su vida. Hace la comparación entre ese modelo considerado más completo conocido; el liderazgo transformacional y el liderazgo abnegado de Jesús.
526 _aSEG44
526 _aSEG26
526 _aP151
526 _aP150
526 _aP149
526 _aP146
526 _aP145
526 _aP126
526 _aP125
526 _aP92
526 _aP75
526 _aP74
526 _aP27
526 _aP15
650 0 4 _aDocentes
_xLiderazgo
_xProgramas
596 _a1
942 _2ddc
_cTESIS
999 _aTE 3 S55 2012
_wALPHANUM
_c7407
_iT01315
_lCCODEBUL3
_mBUL
_r1
_sY
_tTESIS
_u2015-9-30
_xPOSGRADO
_PP57
_o.STAFF. Tesis
_d7407
980 _81
_gALBERTO SANCHEZ Responsable de Automatización